[Event "London Classic Open 2016"]
[Site "London ENG"]
[Date "2016.12.12"]
[Round "5.14"]
[White "Moussard, Jules"]
[Black "Houska, Jovanka"]
[Result "1-0"]
[WhiteTitle "GM"]
[BlackTitle "IM"]
[WhiteElo "2571"]
[BlackElo "2397"]
[WhiteFideId "642908"]
[BlackFideId "405094"]
[EventDate "2016.12.09"]

1. Nf3 d5 2. g3 Bg4 3. Bg2 c6 4. O-O Nd7 5. h3 Bh5 6. d3 e6 7. e4 Bd6 8. exd5
cxd5 9. c4 Ne7 10. Nc3 O-O 11. cxd5 exd5 12. g4 Bg6 13. Nh4 Nc5 14. d4 Ne6 15.
f4 Nc6 16. g5 Bb8 17. Be3 Ne7 18. Qg4 Qd6 19. Rf2 f5 20. Qf3 Rd8 21. Nxg6 hxg6
22. Re1 a6 23. Rfe2 Ba7 24. Kh1 Nc7 25. Na4 Nc6 26. Nc5 Rab8 27. Bf2 Kf7 28. Qb3
Qxf4 29. Bg3 Qxd4 30. Nxb7 Na5 31. Nxd8+ Rxd8 32. Qa3 f4 33. Qe7+ 1-0

[Event "London Classic Open 2016"]
[Site "London ENG"]
[Date "2016.12.12"]
[Round "5.15"]
[White "Libiszewski, Fabien"]
[Black "Siva, Mahadevan"]
[Result "1-0"]
[WhiteTitle "GM"]
[BlackTitle "IM"]
[WhiteElo "2547"]
[BlackElo "2360"]
[WhiteFideId "616834"]
[BlackFideId "25043153"]
[EventDate "2016.12.09"]

1. e4 c5 2. Nf3 d6 3. Bb5+ Nd7 4. c3 Nf6 5. Qe2 a6 6. Ba4 b5 7. Bc2 Bb7 8. d4 e6
9. a4 Be7 10. Nbd2 O-O 11. axb5 axb5 12. Rxa8 Qxa8 13. e5 dxe5 14. dxe5 Nd5 15.
Ne4 N5b6 16. O-O Rd8 17. Bg5 Bxg5 18. Nfxg5 h6 19. Nxf7 Kxf7 20. Qh5+ Ke7 21.
Qh4+ Kf8 22. Nd6 Nxe5 23. Qf4+ Ke7 24. Nf5+ exf5 25. Qxe5+ Kf7 26. Qxf5+ Kg8 27.
Qe6+ Kf8 28. Bh7 Nd7 29. Re1 1-0

[Event "London Classic Open 2016"]
[Site "London ENG"]
[Date "2016.12.12"]
[Round "5.16"]
[White "Warakomska, Anna"]
[Black "Sadzikowski, Daniel"]
[Result "1/2-1/2"]
[WhiteTitle "WIM"]
[BlackTitle "IM"]
[WhiteElo "2348"]
[BlackElo "2547"]
[WhiteFideId "1130790"]
[BlackFideId "1132253"]
[EventDate "2016.12.09"]

1. e4 c5 2. Nf3 Nc6 3. d4 cxd4 4. Nxd4 e5 5. Nb5 d6 6. N1c3 a6 7. Na3 Be7 8. Nd5
Nf6 9. Nxe7 Nxe7 10. Bd3 d5 11. exd5 Nexd5 12. O-O O-O 13. Bg5 h6 14. Bh4 Nf4
15. Qf3 g5 16. Bg3 Qc7 17. Rfe1 Re8 18. Bf1 Bg4 19. Qb3 Rac8 20. c4 Be6 21. Qc3
Bf5 22. f3 Bg6 23. Nc2 b5 24. Ne3 Qb8 25. Rad1 b4 26. Qb3 e4 27. Nd5 N6xd5 28.
cxd5 Qb6+ 29. Bf2 Qd6 30. Qa4 Nxd5 31. Qxa6 Qe5 32. fxe4 Nf4 33. Bd4 Qe7 34. Bb5
Ra8 35. Qf6 Qxf6 36. Bxf6 Rxe4 37. Bc6 Rxe1+ 38. Rxe1 Rc8 39. Re8+ Rxe8 40. Bxe8
Bb1 41. a4 bxa3 42. bxa3 Be4 43. g3 Kf8 44. Bb5 Nd5 45. Bd4 Ke7 46. a4 f5 47. a5
f4 48. a6 fxg3 49. hxg3 Nc7 50. Bc4 h5 51. a7 Kd7 52. Bf6 Kc8 53. Bxg5 Kb7 54.
Be3 Bc6 55. Bf1 Nd5 56. Bd4 Ne7 57. Bh3 Be4 58. Kf2 Nf5 59. Bc5 Nxg3 60. Kxg3
Ka8 61. Kf4 1/2-1/2

[Event "London Classic Open 2016"]
[Site "London ENG"]
[Date "2016.12.12"]
[Round "5.17"]
[White "Zujev, Oleg"]
[Black "Handke, Florian"]
[Result "1-0"]
[BlackTitle "GM"]
[WhiteElo "2340"]
[BlackElo "2515"]
[WhiteFideId "12801585"]
[BlackFideId "4634527"]
[EventDate "2016.12.09"]

1. d4 Nf6 2. c4 g6 3. f3 Nc6 4. d5 Ne5 5. e4 d6 6. Nc3 Bg7 7. f4 Ned7 8. Nh3 O-O
9. Be2 e6 10. O-O exd5 11. cxd5 Nb6 12. Nf2 c6 13. a4 cxd5 14. exd5 Re8 15. a5
Nbd7 16. Ra3 Nc5 17. Bf3 Bd7 18. Re1 Qc7 19. Be3 Na6 20. Bd4 Rxe1+ 21. Qxe1 Re8
22. Qd2 Qc4 23. Ne2 Bb5 24. Re3 Nc5 25. Rxe8+ Nxe8 26. Bxg7 Kxg7 27. Qd4+ Qxd4
28. Nxd4 Bc4 29. Nd1 Nc7 30. Nc3 Kf6 31. h4 Ke7 32. g3 N7a6 33. Ndb5 Bxb5 34.
Nxb5 Nb3 35. Nxa7 Nxa5 36. Nc8+ Kd7 37. Nb6+ Kc7 38. Na8+ Kb8 39. Nb6 Kc7 40.
Na8+ Kd8 41. Nb6 Nb4 42. Be2 Nb3 43. Kf2 Nc5 44. g4 Nd7 45. Nxd7 Kxd7 46. Bc4
Kc7 47. Ke3 Kb6 48. Bb3 Kc5 49. Ke4 Na6 50. f5 Nb4 51. fxg6 fxg6 52. h5 gxh5 53.
gxh5 h6 54. Kf5 Kd4 55. Ke6 Kc5 56. Kf6 Kd4 57. Kg6 Ke5 58. Kxh6 Kf6 59. Bc4 Nc2
60. Bd3 Ne3 61. Be4 b6 62. Kh7 Kf7 63. h6 Ng4 64. Bg6+ Kf8 65. Bf5 Ne5 66. Be6
b5 67. b4 Nd3 68. Kg6 Nf4+ 69. Kf6 Nh5+ 70. Kg5 Ng3 71. Kg6 1-0

[Event "London Classic Open 2016"]
[Site "London ENG"]
[Date "2016.12.12"]
[Round "5.18"]
[White "Bellahcene, Bilel"]
[Black "Bates, Richard A"]
[Result "0-1"]
[WhiteTitle "IM"]
[BlackTitle "IM"]
[WhiteElo "2496"]
[BlackElo "2347"]
[WhiteFideId "696358"]
[BlackFideId "403555"]
[EventDate "2016.12.09"]

1. e4 c5 2. Nf3 d6 3. d4 cxd4 4. Nxd4 Nf6 5. Nc3 a6 6. Nb3 e5 7. Bg5 Be7 8. Qd2
O-O 9. Bxf6 Bxf6 10. Rd1 Be7 11. Nd5 Nc6 12. g3 Bg4 13. Be2 Bh3 14. Qd3 f5 15.
Bf3 Bg5 16. exf5 e4 17. Bxe4 Re8 18. Ne3 Kh8 19. c3 d5 20. Qxd5 Bxe3 21. fxe3
Qe7 22. Nc5 Rad8 23. Qc4 b5 24. Qe6 Qxc5 25. Rxd8 Rxd8 26. Kf2 Rd2+ 27. Kf3 Ne5+
28. Kf4 Rf2+ 29. Kg5 Qxe3+ 30. Kh5 Bg4+ 31. Kh4 g5+ 0-1

[Event "London Classic Open 2016"]
[Site "London ENG"]
[Date "2016.12.12"]
[Round "5.19"]
[White "Moen, Andreas"]
[Black "Fodor, Tamas Jr."]
[Result "0-1"]
[WhiteTitle "IM"]
[BlackTitle "GM"]
[WhiteElo "2327"]
[BlackElo "2494"]
[WhiteFideId "1501453"]
[BlackFideId "723762"]
[EventDate "2016.12.09"]

1. e4 e5 2. Nf3 Nc6 3. Bc4 Bc5 4. d3 Nf6 5. Nc3 h6 6. Be3 Bxe3 7. fxe3 d6 8. O-O
Na5 9. Bb3 Nxb3 10. axb3 c6 11. Qe1 Qe7 12. h3 a6 13. Qg3 Nh5 14. Qf2 g5 15. Nh2
Ng7 16. Qf6 Qxf6 17. Rxf6 Ke7 18. Raf1 Be6 19. d4 Ne8 20. R6f2 f6 21. d5 Bd7 22.
Na4 h5 23. Nb6 Rd8 24. Nf3 Rg8 25. Nd2 c5 26. Kh2 Rg6 27. g3 Nc7 28. Nxd7 Rxd7
29. h4 gxh4 30. gxh4 b5 31. Rg1 Rxg1 32. Kxg1 Rd8 33. Rg2 Rf8 34. Nf1 f5 35.
Rg7+ Kd8 36. Ng3 f4 37. Nxh5 fxe3 38. Rg2 Ne8 39. Re2 Rh8 40. Ng3 Rxh4 41. Rxe3
Nf6 42. Kg2 Rh2+ 43. Kxh2 Ng4+ 44. Kg1 Nxe3 45. c3 Nd1 46. Kf1 Nxb2 47. Ke2 a5
48. Kd2 a4 49. bxa4 bxa4 50. Kc2 Nc4 51. Kd3 a3 0-1

[Event "London Classic Open 2016"]
[Site "London ENG"]
[Date "2016.12.12"]
[Round "5.21"]
[White "Paterek, Michal"]
[Black "Adair, James R"]
[Result "1/2-1/2"]
[WhiteTitle "FM"]
[BlackTitle "IM"]
[WhiteElo "2311"]
[BlackElo "2489"]
[WhiteFideId "1116142"]
[BlackFideId "406252"]
[EventDate "2016.12.09"]

1. d4 Nf6 2. Nf3 e6 3. Bf4 c5 4. e3 d5 5. Nbd2 Bd6 6. Bb5+ Nc6 7. Bxd6 Qxd6 8.
O-O O-O 9. a4 a6 10. Be2 e5 11. dxe5 Nxe5 12. a5 Bd7 13. c4 Bc6 14. Qc2 d4 15.
exd4 cxd4 16. Nxe5 Qxe5 17. Nf3 Qc5 18. Rfd1 Rad8 19. Ne1 Nd7 20. Qd2 Rfe8 21.
b4 Qf5 22. Bd3 Qg4 23. f3 Qh5 24. Qf4 Ne5 25. Bf1 Ng6 26. Qg4 Qxg4 27. fxg4 Ne5
28. h3 Be4 29. Ra3 d3 30. Bxd3 Nxc4 31. Rc3 Nb2 32. Rd2 Nxd3 33. Nxd3 Rd4 34.
Re2 Kf8 35. Re3 Bd5 36. Kf2 Rxe3 37. Kxe3 Re4+ 38. Kd2 Bc6 39. Rb3 Ke7 40. Nc5
Rc4 41. g3 h6 42. Kd3 Rc1 43. Kd4 Kd6 44. Rd3 Bb5 45. Ne4+ Kd7 46. Rc3 Rd1+ 47.
Ke5 Re1 48. Kf4 Rf1+ 49. Ke3 Bc6 50. Nc5+ Kc7 51. h4 Kd6 52. Rd3+ Ke7 53. Kd4
Rb1 54. Rb3 Rf1 55. Rc3 Kd6 56. Rd3 Re1 57. Rc3 Rd1+ 58. Rd3 Rc1 59. Ke3+ Kc7
60. Kd4 Kb8 61. Re3 Rd1+ 62. Rd3 Rf1 63. Re3 Ka7 64. Ke5 Bf3 65. g5 hxg5 66.
hxg5 Bc6 67. Kd6 Rf5 68. Re5 Rf3 69. Ke7 Kb8 70. Kf8 f6 71. gxf6 gxf6 72. Re6
Kc7 73. Re7+ Kc8 74. Re6 Bd5 75. Rd6 Bc4 76. Ke7 f5 77. Rd8+ Kc7 78. Rd7+ Kc6
79. Rxb7 Rxg3 80. Rb6+ Kd5 81. Nxa6 Ke4 82. Nc5+ Ke3 83. a6 f4 84. Rf6 f3 85.
Kd6 Rg7 86. Kc6 f2 87. Rxf2 Kxf2 88. b5 Ke3 89. b6 Kd4 90. b7 Bd5+ 1/2-1/2

[Event "London Classic Open 2016"]
[Site "London ENG"]
[Date "2016.12.12"]
[Round "5.22"]
[White "Hector, Jonny"]
[Black "Cox, John J"]
[Result "1-0"]
[WhiteTitle "GM"]
[BlackTitle "IM"]
[WhiteElo "2488"]
[BlackElo "2320"]
[WhiteFideId "1700090"]
[BlackFideId "401064"]
[EventDate "2016.12.09"]

1. e4 e5 2. Nf3 Nc6 3. Bc4 Nf6 4. d3 Be7 5. Nc3 d6 6. a3 O-O 7. h3 Be6 8. Nd5 h6
9. g4 Nd4 10. Nxe7+ Qxe7 11. g5 hxg5 12. Nxg5 Bxc4 13. dxc4 Nh7 14. h4 Nxg5 15.
hxg5 g6 16. Be3 Ne6 17. Qg4 Kg7 18. Rh6 Rh8 19. Qh4 f6 20. gxf6+ Qxf6 21. Qh3
Raf8 22. Rxh8 Rxh8 23. Qg2 Nf4 24. Qf1 Rh2 25. O-O-O b6 26. c5 bxc5 27. Qa6 Ng2
28. Bd2 Qxf2 29. Rf1 Qd4 30. Qe2 c4 31. Qf3 Qxd2+ 32. Kxd2 Nh4+ 33. Qe2 Rxe2+
34. Kxe2 Ng2 35. Kd2 c6 36. b3 cxb3 37. cxb3 Nf4 38. Rc1 c5 39. Rc4 g5 40. Ra4
g4 41. Rxa7+ Kf6 42. Ke3 d5 43. exd5 Nxd5+ 44. Kf2 e4 45. a4 e3+ 46. Ke2 Ke5 47.
Rg7 1-0

[Event "London Classic Open 2016"]
[Site "London ENG"]
[Date "2016.12.12"]
[Round "5.23"]
[White "Bellaiche, Anthony"]
[Black "Tarhon, Brian"]
[Result "1/2-1/2"]
[WhiteTitle "IM"]
[BlackTitle "FM"]
[WhiteElo "2472"]
[BlackElo "2299"]
[WhiteFideId "615668"]
[BlackFideId "423190"]
[EventDate "2016.12.09"]

1. d4 Nf6 2. c4 e6 3. Nf3 b6 4. g3 Bb4+ 5. Bd2 Bxd2+ 6. Qxd2 Bb7 7. Bg2 O-O 8.
Nc3 Ne4 9. Qd3 Nxc3 10. Ng5 Ne4 11. Nxe4 d5 12. cxd5 Bxd5 13. O-O Nd7 14. Rac1
Rc8 15. Rfd1 a5 16. Qa3 f5 17. Nd2 Bxg2 18. Kxg2 Nf6 19. Nc4 Nd5 20. Ne5 f4 21.
Kg1 Qg5 22. Qf3 c5 1/2-1/2

[Event "London Classic Open 2016"]
[Site "London ENG"]
[Date "2016.12.12"]
[Round "5.24"]
[White "Elsness, Frode"]
[Black "Aradhya, Garg"]
[Result "1-0"]
[WhiteTitle "IM"]
[WhiteElo "2452"]
[BlackElo "2231"]
[WhiteFideId "1501100"]
[BlackFideId "25006746"]
[EventDate "2016.12.09"]

1. d4 d5 2. c4 c6 3. Nf3 Nf6 4. e3 Bf5 5. Nc3 e6 6. Nh4 Bg6 7. Be2 Nbd7 8. O-O
Ne4 9. g3 Nd6 10. c5 Nf5 11. Nxg6 hxg6 12. b4 a6 13. f4 Be7 14. Bd3 g5 15. Bxf5
exf5 16. fxg5 Bxg5 17. Rxf5 g6 18. Rf3 f5 19. a4 Nf6 20. Ra2 Qd7 21. Re2 Kf8 22.
Qc2 Kg7 23. Nd1 Ng4 24. h4 Bxh4 25. gxh4 Rxh4 26. Rg2 Rah8 27. Nf2 Qe7 28. Rxf5
Nxe3 29. Bxe3 Qxe3 30. Rxg6+ Kxg6 31. Rf3+ Qe4 32. Rg3+ Kf5 33. Nxe4 Rh1+ 34.
Kf2 R8h2+ 35. Rg2 dxe4 36. Qb3 Rxg2+ 37. Kxg2 Rh7 38. Qg8 Re7 39. Kf2 e3+ 40.
Ke2 Kf6 41. Qf8+ Rf7 42. Qd6+ Kg7 43. Kxe3 1-0

[Event "London Classic Open 2016"]
[Site "London ENG"]
[Date "2016.12.12"]
[Round "5.25"]
[White "Mirzoyan, David"]
[Black "Bartholomew, John"]
[Result "1/2-1/2"]
[WhiteTitle "FM"]
[BlackTitle "IM"]
[WhiteElo "2299"]
[BlackElo "2448"]
[WhiteFideId "13308386"]
[BlackFideId "2019353"]
[EventDate "2016.12.09"]

1. d4 d5 2. c4 c6 3. Nf3 Nf6 4. e3 Bg4 5. h3 Bh5 6. Nc3 e6 7. Qb3 Qb6 8. Qxb6
axb6 9. g4 Bg6 10. Ne5 Nbd7 11. Nxg6 hxg6 12. g5 Ne4 13. Nxe4 dxe4 14. h4 f5 15.
Bg2 Be7 16. Bd2 Kf7 17. Ke2 Ra4 18. b3 Ra3 19. Bc1 Ra7 20. f3 exf3+ 21. Bxf3 Ba3
22. Kd1 Rha8 23. Rh2 Bd6 24. Rg2 Rh8 25. h5 gxh5 26. e4 Nf8 27. e5 Be7 28. Rh2
g6 29. Be3 Nd7 30. Kc2 c5 31. d5 Nxe5 32. dxe6+ Kg7 33. Be2 Nc6 34. a4 Rd8 35.
Rd1 Raa8 36. Bf3 Ne5 37. Bxb7 Ng4 38. Bf4 Nxh2 39. Bxa8 Rxa8 40. Rd7 Kf8 41.
Bxh2 Bxg5 42. Rf7+ Kg8 43. Be5 Bh6 44. Rf6 Kh7 45. Rf7+ 1/2-1/2

[Event "London Classic Open 2016"]
[Site "London ENG"]
[Date "2016.12.12"]
[Round "5.26"]
[White "Zapolskis, Antanas"]
[Black "Maze, Sebastien"]
[Result "0-1"]
[WhiteTitle "IM"]
[BlackTitle "GM"]
[WhiteElo "2294"]
[BlackElo "2608"]
[WhiteFideId "12800210"]
[BlackFideId "613762"]
[EventDate "2016.12.09"]

1. e4 g6 2. d4 d6 3. Nc3 Bg7 4. Be2 Nf6 5. g4 d5 6. e5 Ne4 7. Be3 c5 8. Nxe4
dxe4 9. dxc5 Qxd1+ 10. Rxd1 Nc6 11. h3 Nxe5 12. f4 Nc6 13. c3 Be6 14. a4 Bb3 15.
Ra1 O-O-O 16. Bd1 Bc4 17. a5 e5 18. Be2 Bd3 19. h4 exf4 20. Bxf4 Ne5 21. Nh3 f5
22. gxf5 gxf5 23. Rg1 Bf6 24. Bg5 Bxg5 25. Rxg5 Rhf8 26. Nf4 Bxe2 27. Kxe2 Nf3
28. Rg7 Rd2+ 29. Ke3 Rxb2 30. Rxh7 Ne5 31. Ne6 Ng4+ 32. Kf4 Rf2+ 33. Kg5 Rg8+
34. Rg7 Rxg7+ 35. Nxg7 Ne3 36. h5 Rg2+ 37. Kf6 f4 38. h6 f3 39. Rh1 Ng4+ 40. Kf7
Nxh6+ 41. Rxh6 Rxg7+ 0-1

[Event "London Classic Open 2016"]
[Site "London ENG"]
[Date "2016.12.12"]
[Round "5.27"]
[White "Player, Edmund C"]
[Black "Istratescu, Andrei"]
[Result "0-1"]
[BlackTitle "GM"]
[WhiteElo "2239"]
[BlackElo "2596"]
[WhiteFideId "406520"]
[BlackFideId "1200372"]
[EventDate "2016.12.09"]

1. e4 c5 2. Nf3 e6 3. d4 cxd4 4. Nxd4 a6 5. c4 Nf6 6. Nc3 Bb4 7. Qd3 d6 8. f3
Nbd7 9. Be3 d5 10. O-O-O dxe4 11. Nxe4 O-O 12. Nc2 Be7 13. Kb1 Qc7 14. Nxf6+
Nxf6 15. Qb3 b5 16. cxb5 axb5 17. Rc1 Bd7 18. Nb4 Qe5 19. Bd2 Qd6 20. Bd3 e5 21.
a3 Be6 22. Qc2 Rfc8 23. Qd1 Qd7 24. Rxc8+ Rxc8 25. Ka1 Rd8 0-1

[Event "London Classic Open 2016"]
[Site "London ENG"]
[Date "2016.12.12"]
[Round "5.28"]
[White "Hawkins, Jonathan"]
[Black "Nandhidhaa, PV"]
[Result "0-1"]
[WhiteTitle "GM"]
[BlackTitle "WIM"]
[WhiteElo "2590"]
[BlackElo "2251"]
[WhiteFideId "412686"]
[BlackFideId "5050847"]
[EventDate "2016.12.09"]

1. d4 d5 2. c4 e6 3. Nc3 Nf6 4. Nf3 Be7 5. Bg5 h6 6. Bh4 O-O 7. e3 b6 8. Be2
dxc4 9. Bxc4 Bb7 10. O-O Nbd7 11. Qe2 Ne4 12. Nxe4 Bxh4 13. Nc3 c5 14. d5 exd5
15. Bxd5 Bxd5 16. Nxd5 Ne5 17. Rad1 Bf6 18. Nxe5 Bxe5 19. b3 Qd6 20. f4 Bf6 21.
Qf3 Rad8 22. g4 Qe6 23. e4 Bd4+ 24. Kg2 b5 25. h4 Qa6 26. Rd2 Rfe8 27. Rfd1 Rxd5
28. exd5 Re3 29. Qf1 Qg6 30. Kh1 Qe4+ 31. Kh2 Rf3 0-1

[Event "London Classic Open 2016"]
[Site "London ENG"]
[Date "2016.12.12"]
[Round "5.29"]
[White "Deepan, Chakkravarthy J."]
[Black "Richardson, John R"]
[Result "1-0"]
[WhiteTitle "GM"]
[BlackTitle "FM"]
[WhiteElo "2471"]
[BlackElo "2248"]
[WhiteFideId "5011132"]
[BlackFideId "401617"]
[EventDate "2016.12.09"]

1. Nf3 Nf6 2. d4 e6 3. g3 b6 4. Bg2 Bb7 5. O-O c5 6. e3 d5 7. b3 Nbd7 8. Bb2 Bd6
9. Nbd2 O-O 10. Ne5 Qc7 11. f4 cxd4 12. exd4 Ne4 13. Nxe4 dxe4 14. Qe2 f5 15. c4
Nxe5 16. fxe5 Be7 17. Kh1 Rad8 18. Rac1 Bg5 19. Rcd1 Qe7 20. g4 g6 21. gxf5 gxf5
22. Qh5 f4 23. Ba3 Qg7 24. Bxf8 Rxf8 25. Rg1 Kh8 26. h4 Bd8 27. Bh3 Qe7 28. d5
e3 29. Bg4 Qxh4+ 30. Qxh4 Bxh4 31. Kg2 Bf2 32. Rh1 exd5 33. cxd5 Rg8 34. Kf3 Rg5
35. Kxf4 Rxg4+ 36. Kxg4 e2 37. Rde1 Bxe1 38. Rxe1 Bxd5 39. Rxe2 Be6+ 40. Kg5 Kg7
41. Rc2 h6+ 42. Kf4 1-0

[Event "London Classic Open 2016"]
[Site "London ENG"]
[Date "2016.12.12"]
[Round "5.30"]
[White "Zhou, Yang-Fan"]
[Black "Hill, Alistair"]
[Result "1-0"]
[WhiteTitle "IM"]
[WhiteElo "2470"]
[BlackElo "2237"]
[WhiteFideId "468584"]
[BlackFideId "432407"]
[EventDate "2016.12.09"]

1. e4 e6 2. d3 d5 3. Qe2 Be7 4. Nf3 Nf6 5. g3 dxe4 6. dxe4 O-O 7. Bg2 b6 8. O-O
Ba6 9. c4 Qc8 10. Nc3 Rd8 11. e5 Nfd7 12. Bg5 Re8 13. Rad1 Bb7 14. h4 Nc6 15.
Bf4 Bf8 16. Ne4 Nc5 17. Nfg5 h6 18. Qh5 Re7 19. Nxc5 bxc5 20. Ne4 Rd7 21. Bxh6
Rxd1 22. Rxd1 gxh6 23. Nf6+ Kh8 24. Qxf7 Bg7 25. Qg6 Bxf6 26. Qxh6+ Kg8 27. exf6 1-0

[Event "London Classic Open 2016"]
[Site "London ENG"]
[Date "2016.12.12"]
[Round "5.32"]
[White "Nasuta, Grzegorz"]
[Black "Bukojemski, Adam"]
[Result "1-0"]
[WhiteTitle "IM"]
[WhiteElo "2448"]
[BlackElo "2214"]
[WhiteFideId "1141686"]
[BlackFideId "1114620"]
[EventDate "2016.12.09"]

1. e4 c5 2. Nf3 Nc6 3. d4 cxd4 4. Nxd4 Nf6 5. Nc3 d6 6. Bg5 e6 7. Qd2 Be7 8.
O-O-O a6 9. f3 Nxd4 10. Qxd4 Qa5 11. h4 O-O 12. Kb1 Re8 13. Qd2 Kh8 14. h5 h6
15. Bf4 e5 16. Be3 Be6 17. g4 Nh7 18. Qf2 Qc7 19. Nd5 Bxd5 20. exd5 f5 21. Bd3
f4 22. Bb6 Qd7 23. c4 Bd8 24. Bxd8 Raxd8 25. Bxh7 Kxh7 26. c5 Rc8 27. Rc1 Kg8
28. Rhd1 dxc5 29. Rxc5 Qd6 30. Rc2 Red8 31. Qe2 Rc7 32. Rxc7 Qxc7 33. Qe4 Qd6
34. a3 Rc8 35. Re1 Re8 36. Ka1 Kf7 37. Ka2 Kg8 38. Ka1 Kf7 39. Kb1 Kg8 40. Qg6
Qd8 41. g5 Re7 42. d6 1-0

[Event "London Classic Open 2016"]
[Site "London ENG"]
[Date "2016.12.12"]
[Round "5.33"]
[White "Williams, Simon K"]
[Black "Taylor, Adam C"]
[Result "1-0"]
[WhiteTitle "GM"]
[BlackTitle "FM"]
[WhiteElo "2443"]
[BlackElo "2212"]
[WhiteFideId "404454"]
[BlackFideId "424668"]
[EventDate "2016.12.09"]

1. d4 Nf6 2. Nf3 d5 3. c4 e6 4. Nc3 Bb4 5. cxd5 exd5 6. Bg5 Nbd7 7. e3 c5 8. Qc2
Qa5 9. Bd3 Bxc3+ 10. bxc3 c4 11. Bf5 Nc5 12. O-O Nce4 13. Bxc8 Rxc8 14. Bxf6
gxf6 15. Rfc1 O-O 16. Nh4 Rfe8 17. Nf5 Rc6 18. Qe2 Kh8 19. Qh5 Qc7 20. f3 Nd6
21. Ng3 f5 22. Re1 Qd7 23. Qg5 Rg8 24. Qf4 Re8 25. Re2 b5 26. Rae1 a5 27. e4
dxe4 28. d5 Rc5 29. fxe4 fxe4 30. Qf6+ Kg8 31. Re3 Qe7 32. Qh6 Qf8 33. Qf4 f5
34. Nh5 Kh8 35. Rh3 Rc7 36. Ree3 b4 37. Reg3 b3 38. Qd2 bxa2 39. Qxa2 f4 40. Rg4
e3 41. Nxf4 Rg7 42. Qc2 Re4 43. Rxg7 Qxg7 44. Ne2 Qf7 45. Qd1 Qf2+ 46. Kh1 Rg4
47. Rg3 Rxg3 48. hxg3 Qf6 49. Qb1 Kg7 50. Nf4 Qxc3 51. Qb8 Nf7 52. Ne6+ Kf6 53.
Qf4+ Ke7 54. Nd4 Qd3 55. Nf5+ Kd7 56. Nxe3 Nd6 57. Ng4 Qf5 58. Qd4 Ne4 59. Qa7+
Ke8 60. Qb8+ Ke7 61. Qc7+ Ke8 62. Ne3 Qg5 63. Qc6+ Kf8 64. Qc8+ Kg7 65. Qd7+ Kh6
66. Qe6+ Qg6 67. Ng4+ Kg7 68. Qe7+ Kg8 69. Qxe4 Qxe4 70. Nf6+ Kf7 71. Nxe4 a4
72. Nd6+ Ke7 73. Nxc4 a3 74. Nxa3 Kd6 1-0

[Event "London Classic Open 2016"]
[Site "London ENG"]
[Date "2016.12.12"]
[Round "5.34"]
[White "Haribalu, V."]
[Black "Cherniaev, Alexander"]
[Result "1/2-1/2"]
[BlackTitle "GM"]
[WhiteElo "2201"]
[BlackElo "2439"]
[WhiteFideId "5015189"]
[BlackFideId "4117301"]
[EventDate "2016.12.09"]

1. d4 d6 2. Nc3 Nf6 3. e4 c6 4. Nf3 Bg4 5. Be2 e6 6. h3 Bh5 7. Bg5 h6 8. Be3 a6
9. e5 Nd5 10. Nxd5 cxd5 11. Bf4 Nc6 12. c3 Bxf3 13. Bxf3 g5 14. Bg3 dxe5 15.
dxe5 Bg7 16. Qe2 Qc7 17. h4 O-O-O 18. O-O-O Bxe5 19. Bxe5 Qxe5 20. Rde1 Qxe2 21.
Rxe2 Kc7 22. Bh5 Rh7 23. Rh3 Kd6 24. Rf3 Ke7 25. a4 Rg7 26. b4 Rc8 27. Kb1 gxh4
28. Rf4 f6 29. Rxh4 Rxg2 30. Bf3 Rg1+ 31. Kb2 Kd6 32. Rxh6 Rf8 33. Rh7 b5 34.
Rb7 Rb8 35. Rf7 Rg6 36. a5 Rc8 37. Rb7 Ne5 38. Bh5 Rg5 39. Bf7 Nd3+ 40. Kc2 Nf4
41. Bxe6 Rxc3+ 42. Kxc3 Nxe2+ 43. Kd2 Kxe6 44. Kxe2 Rg4 45. Rb6+ Ke5 46. Rxa6
Rxb4 47. Rb6 Rb2+ 48. Kf3 f5 49. a6 Rb3+ 50. Ke2 f4 51. a7 f3+ 52. Kd2 Ra3 53.
Rxb5 Rxa7 54. Rb3 Ke4 55. Re3+ Kf4 56. Re8 Ra2+ 57. Ke1 Ra1+ 58. Kd2 Ra2+ 59.
Kd3 Rxf2 60. Rf8+ Kg3 61. Rg8+ Kf4 62. Rf8+ Ke5 63. Re8+ Kd6 64. Rd8+ Ke6 65.
Re8+ Kd7 66. Rf8 Rf1 67. Ke3 Kd6 68. Rd8+ Kc5 69. Rc8+ Kb5 70. Rb8+ Kc4 71. Rc8+
Kb3 72. Rb8+ Kc2 73. Rc8+ Kb2 74. Rb8+ Kc3 75. Rc8+ Kb4 76. Rb8+ Kc5 77. Rc8+
Kd6 78. Rd8+ Kc6 79. Rc8+ Kd7 80. Rf8 Re1+ 81. Kf2 Re2+ 82. Kxf3 Re6 83. Ra8 Kc7
84. Ra5 Re5 85. Ra6 Re8 86. Kf2 Re5 87. Kf3 Re4 88. Rh6 Re1 89. Kf2 Re8 90. Kf3
Kd7 91. Kf2 Re7 92. Rg6 Re6 93. Rxe6 Kxe6 94. Ke3 Ke5 95. Kd3 d4 96. Kd2 Ke4 97.
Ke2 d3+ 98. Kd2 Kd4 99. Kd1 Ke3 100. Ke1 d2+ 101. Kd1 1/2-1/2

[Event "London Classic Open 2016"]
[Site "London ENG"]
[Date "2016.12.12"]
[Round "5.35"]
[White "Ilfeld, Etan"]
[Black "Flear, Glenn C"]
[Result "0-1"]
[BlackTitle "GM"]
[WhiteElo "2181"]
[BlackElo "2428"]
[WhiteFideId "2803470"]
[BlackFideId "400165"]
[EventDate "2016.12.09"]

1. e4 e5 2. Nf3 Nc6 3. Bb5 a6 4. Ba4 Nf6 5. d4 exd4 6. O-O Be7 7. e5 Ne4 8. Nxd4
Nc5 9. Nf5 O-O 10. Qg4 g6 11. Bxc6 dxc6 12. Nxe7+ Qxe7 13. Qg5 Re8 14. Qxe7 Rxe7
15. f4 Bf5 16. Na3 b5 17. Be3 Na4 18. b3 Nc3 19. Bd2 Ne4 20. Ba5 Rd8 21. Rfd1
Red7 22. Rxd7 Rxd7 23. c4 Nc5 24. g3 Nd3 25. Rd1 Kf8 26. Nc2 Ke8 27. Nb4 Nxb4
28. Rxd7 Kxd7 29. Bxb4 Bb1 30. a3 Ba2 31. c5 Bxb3 32. Kf2 Ke6 33. Ke3 Kd5 34.
Kd3 Bd1 35. h3 Bf3 36. h4 Bg4 37. Kc3 Be6 38. Kd3 Bf5+ 39. Ke3 h5 40. Ba5 Kxc5
41. Bxc7 Kc4 42. Kd2 Kb3 43. Bd6 a5 44. e6 fxe6 45. Kc1 b4 46. axb4 axb4 47. Be7
Kc4 48. Kb2 c5 49. Bd6 Kb5 50. Be5 c4 51. Bd6 Be4 52. Be7 c3+ 53. Kb3 Bd5+ 54.
Kc2 Kc4 0-1

[Event "London Classic Open 2016"]
[Site "London ENG"]
[Date "2016.12.12"]
[Round "5.36"]
[White "Pert, Richard G"]
[Black "Jones, Steven A"]
[Result "1/2-1/2"]
[WhiteTitle "IM"]
[WhiteElo "2423"]
[BlackElo "2175"]
[WhiteFideId "404748"]
[BlackFideId "419630"]
[EventDate "2016.12.09"]

1. d4 Nf6 2. Nf3 d6 3. g3 g6 4. Bg2 Bg7 5. O-O O-O 6. Nc3 Nbd7 7. a4 c5 8. a5
Rb8 9. dxc5 Nxc5 10. Be3 Bd7 11. Ne5 Be6 12. Nd3 Qc8 13. Nxc5 dxc5 14. Bf4 Rd8
15. Qc1 Ra8 16. Rd1 Rxd1+ 17. Qxd1 Bd7 18. Be5 Bc6 19. Bxf6 Bxf6 20. Nd5 Bxd5
21. Qxd5 Rb8 22. c3 Qc7 23. e3 e6 24. Qf3 Kg7 25. h4 h5 26. Ra4 1/2-1/2